|
|
|
|
| LEADER |
00000cam a2200000 a 4500 |
| 001 |
vtls010485342 |
| 003 |
SK-MaSNL |
| 005 |
20260331205618.0 |
| 008 |
160610s2012 xo a 000 0 slo |
| 015 |
|
|
|a SNBA2013
|
| 020 |
|
|
|a 9788097107024 (brož.)
|
| 035 |
|
|
|a 7FED742A-3CBA-462B-B81F-45797CACF737
|
| 035 |
|
|
|a urn:nbn:sk:snk-aml39l
|
| 035 |
|
|
|a urn:nbn:sk:snk-am008l5i
|
| 040 |
|
|
|a SNK
|b slo
|c SNK
|e AACR2
|
| 041 |
0 |
|
|a slo
|
| 044 |
|
|
|a xo
|c SK
|
| 072 |
|
7 |
|a 712
|x Plánovanie krajiny (prírodné a navrhované). Parky. Záhrady
|2 konspekt
|
| 080 |
|
|
|a 712.253:728.82
|2 2001
|
| 080 |
|
|
|a (437.6)
|2 2001
|
| 080 |
|
|
|a (07)
|2 2001
|
| 100 |
1 |
|
|a Šabo, Jozef,
|d 1953-
|4 pht
|9 150538
|
| 245 |
1 |
0 |
|a Voľnokrajinársky park Topoľčianky
|c Jozef Šabo ; [fotografie: Jozef Šabo]
|
| 250 |
|
|
|a 1. vyd.
|
| 260 |
|
|
|a [Banská Bystrica
|b Lesy SR
|c 2012]
|
| 300 |
|
|
|a 47 s.
|b fotogr.
|c 21 cm
|
| 500 |
|
|
|a Vydavateľ: Lesy SR š.p. Banská Bystrica, Odštepný závod Topoľčianky
|
| 650 |
0 |
7 |
|a kaštieľske parky
|2 SNKPH
|9 54535
|
| 650 |
0 |
7 |
|a Castle parks
|2 SNKPHeng
|9 484791
|
| 651 |
|
7 |
|a Chránený areál Topoľčiansky park (Slovensko)
|2 SNKPH
|9 178659
|
| 651 |
|
7 |
|a Topoľčianky (Slovakia)
|2 SNKPHeng
|9 327808
|
| 655 |
|
7 |
|a publikácie
|2 SNKPH
|9 332813
|
| 655 |
|
7 |
|a Publications
|2 SNKPHeng
|9 332814
|
| 919 |
|
|
|a 978-80-971070-2-4
|
| 958 |
|
|
|a NB
|
| 999 |
|
|
|c 752639
|d 754569
|
| 952 |
|
|
|a SNK
|b SNK
|y PREZ
|7 0
|p 17A1061053
|o snkSC 152847
|i snk2013/1785
|8 0
|0 0
|1 0
|4 0
|d 2013-01-24
|f 1
|l 0
|r 2025-07-23 00:00:00
|w 2026-02-23
|